Educación, ciencia y tecnología del siglo XXI : proyectos, reflexiones y metodologías /
Wedi'i Gadw mewn:
| Awduron Eraill: | , |
|---|---|
| Fformat: | Electronig eLyfr |
| Iaith: | Sbaeneg Saesneg |
| Cyhoeddwyd: |
Madrid :
Dykinson S.L.,
2022.
|
| Pynciau: | |
| Mynediad Ar-lein: | Digitalia Hispánica |
| Tagiau: |
Ychwanegu Tag
Dim Tagiau, Byddwch y cyntaf i dagio'r cofnod hwn!
|
MARC
| LEADER | 00000nam a2200000Ii 4500 | ||
|---|---|---|---|
| 001 | DIGDYK2304 | ||
| 003 | NyNyDIG | ||
| 006 | m o d | ||
| 007 | cr ||||||||||| | ||
| 008 | 230217s2022 sp a ob 000 0 spa d | ||
| 035 | |a (OCoLC)1347027880 | ||
| 040 | |a DGITA |b eng |e rda |e pn |c DGITA | ||
| 020 | |a 9788411226264 |q eBook | ||
| 041 | 0 | |a spa |a eng | |
| 050 | 1 | 4 | |a LA134 ebook |
| 082 | 0 | 4 | |a 370.1 |
| 245 | 0 | 0 | |a Educación, ciencia y tecnología del siglo XXI : |b proyectos, reflexiones y metodologías / |c coordinadores, Beatriz Garrido-Ramos, José Ángel Méndez-Martínez. |
| 264 | 1 | |a Madrid : |b Dykinson S.L., |c 2022. | |
| 300 | |a 1 online resource : |b illustrations. | ||
| 336 | |a text |b txt |2 rdacontent | ||
| 337 | |a computer |b c |2 rdamedia | ||
| 338 | |a online resource |b cr |2 rdacarrier | ||
| 347 | |a text file |2 rdaft | ||
| 347 | |b PDF | ||
| 504 | |a Includes bibliographical references. | ||
| 546 | |a Texts in Spanish and English. | ||
| 588 | 0 | |a Online resource; title from PDF title page (Digitalia, viewed February 17, 2023) | |
| 650 | 0 | |a Education. | |
| 650 | 0 | |a Science. | |
| 650 | 0 | |a Technology. | |
| 700 | 1 | |a Garrido Ramos, Beatriz, |e editor. | |
| 700 | 1 | |a Méndez-Martínez, José Ángel, |e editor. | |
| 791 | 2 | |a Digitalia (Firm), |e distributor. | |
| 793 | 0 | |g Digitalia eBook Collection: |a Dykinson Editorial | |
| 856 | 4 | 0 | |3 Digitalia Hispánica |u https://digitalia.unach.elogim.com/a/117302/ |
| 910 | |a Premium collection: 2023 | ||